[Event "Deutscher Mix-Teampokal U12 2025"]
[Site "Bad Homburg GER"]
[Date "2025.07.19"]
[Round "3"]
[White "Frikel, Konstantin"]
[Black "Schreiner, Moritz"]
[Result "1-0"]
[Termination "normal"]
[Board "5.1"]
[WhiteElo "1359"]
[BlackElo "822"]
[WhiteClock "00:30:31"]
[BlackClock "00:00:48"]
[WhiteTeam "SK Kelheim 1920"]
[BlackTeam "SC Pirmasens 1912"]
[PlyCount "77"]
[WhiteFideId "533002266"]
[BlackFideId "533050732"]
[EventCountry "GER"]
[EventRounds "5"]
[EventType "team-swiss"]
[EventDate "2025.07.18"]

1. e4 {[%clk 00:55:09]} {[%emt 00:00:01]} e5 {[%clk 00:55:01]} {[%emt
00:00:09]} 2. Nf3 {[%clk 00:55:10]} {[%emt 00:00:04]} Nc6 {[%clk 00:54:58]}
{[%emt 00:00:08]} 3. d4 {[%clk 00:55:09]} {[%emt 00:00:05]} Bb4+ {[%clk
00:49:54]} {[%emt 00:05:09]} 4. c3 {[%clk 00:55:04]} {[%emt 00:00:10]} Bd6
{[%clk 00:49:30]} {[%emt 00:00:29]} 5. d5 {[%clk 00:53:46]} {[%emt 00:01:24]}
Nce7 {[%clk 00:48:24]} {[%emt 00:01:11]} 6. Be3 {[%clk 00:53:39]} {[%emt
00:00:12]} Nf6 {[%clk 00:47:27]} {[%emt 00:01:02]} 7. Nbd2 {[%clk 00:53:35]}
{[%emt 00:00:08]} Ng4 {[%clk 00:46:15]} {[%emt 00:01:17]} 8. Be2 {[%clk
00:52:56]} {[%emt 00:00:45]} Nxe3 {[%clk 00:45:53]} {[%emt 00:00:27]} 9. fxe3
{[%clk 00:52:58]} {[%emt 00:00:03]} Bc5 {[%clk 00:45:11]} {[%emt 00:00:43]} 10.
Nxe5 {[%clk 00:52:53]} {[%emt 00:00:13]} Bxe3 {[%clk 00:44:46]} {[%emt
00:00:30]} 11. Nec4 {[%clk 00:52:04]} {[%emt 00:00:55]} Bc5 {[%clk 00:43:23]}
{[%emt 00:01:28]} 12. Nb3 {[%clk 00:52:00]} {[%emt 00:00:08]} Bb6 {[%clk
00:41:36]} {[%emt 00:01:53]} 13. Nxb6 {[%clk 00:51:59]} {[%emt 00:00:05]} axb6
{[%clk 00:41:02]} {[%emt 00:00:40]} 14. O-O {[%clk 00:52:00]} {[%emt 00:00:03]}
O-O {[%clk 00:40:30]} {[%emt 00:00:37]} 15. Qc2 {[%clk 00:51:28]} {[%emt
00:00:37]} c6 {[%clk 00:37:45]} {[%emt 00:02:50]} 16. d6 {[%clk 00:51:20]}
{[%emt 00:00:14]} Ng6 {[%clk 00:37:29]} {[%emt 00:00:20]} 17. a3 {[%clk
00:50:32]} {[%emt 00:00:53]} b5 {[%clk 00:37:01]} {[%emt 00:00:33]} 18. Rf2
{[%clk 00:49:42]} {[%emt 00:00:55]} Nh4 {[%clk 00:34:51]} {[%emt 00:02:16]} 19.
Raf1 {[%clk 00:48:51]} {[%emt 00:00:56]} h6 {[%clk 00:33:39]} {[%emt 00:01:17]}
20. c4 {[%clk 00:47:25]} {[%emt 00:01:30]} Qb6 {[%clk 00:30:00]} {[%emt
00:03:44]} 21. c5 {[%clk 00:45:42]} {[%emt 00:01:48]} Qd8 {[%clk 00:28:40]}
{[%emt 00:01:25]} 22. Bh5 {[%clk 00:43:49]} {[%emt 00:01:59]} g6 {[%clk
00:26:25]} {[%emt 00:02:20]} 23. Be2 {[%clk 00:43:37]} {[%emt 00:00:16]} b6
{[%clk 00:25:23]} {[%emt 00:01:07]} 24. cxb6 {[%clk 00:42:58]} {[%emt
00:00:44]} Qxb6 {[%clk 00:25:12]} {[%emt 00:00:17]} 25. g3 {[%clk 00:42:58]}
{[%emt 00:00:05]} Qd8 {[%clk 00:23:49]} {[%emt 00:01:27]} 26. gxh4 {[%clk
00:42:51]} {[%emt 00:00:13]} Qxh4 {[%clk 00:22:56]} {[%emt 00:00:57]} 27. Qd3
{[%clk 00:41:38]} {[%emt 00:01:19]} Ba6 {[%clk 00:21:20]} {[%emt 00:01:41]} 28.
Rf4 {[%clk 00:40:42]} {[%emt 00:01:00]} Qg5+ {[%clk 00:19:29]} {[%emt
00:01:57]} 29. Qg3 {[%clk 00:40:30]} {[%emt 00:00:16]} Qe5 {[%clk 00:16:59]}
{[%emt 00:02:36]} 30. Qc3 {[%clk 00:37:20]} {[%emt 00:03:15]} Qg5+ {[%clk
00:15:44]} {[%emt 00:01:20]} 31. Rg4 {[%clk 00:36:32]} {[%emt 00:00:52]} Qd8
{[%clk 00:12:35]} {[%emt 00:03:14]} 32. Qe3 {[%clk 00:34:56]} {[%emt 00:01:41]}
h5 {[%clk 00:10:30]} {[%emt 00:02:11]} 33. Rg2 {[%clk 00:33:55]} {[%emt
00:01:06]} Qb8 {[%clk 00:05:49]} {[%emt 00:04:44]} 34. Qd4 {[%clk 00:32:06]}
{[%emt 00:01:55]} Qc8 {[%clk 00:03:41]} {[%emt 00:02:13]} 35. Bxh5 {[%clk
00:31:50]} {[%emt 00:00:21]} c5 {[%clk 00:03:43]} {[%emt 00:00:04]} 36. Nxc5
{[%clk 00:30:52]} {[%emt 00:01:03]} Bb7 {[%clk 00:02:05]} {[%emt 00:01:42]} 37.
Bxg6 {[%clk 00:30:40]} {[%emt 00:00:17]} fxg6 {[%clk 00:00:51]} {[%emt
00:01:20]} 38. Rxg6+ {[%clk 00:30:34]} {[%emt 00:00:11]} Kh7 {[%clk 00:00:48]}
{[%emt 00:00:08]} 39. Qg7# {[%clk 00:30:31]} {[%emt 00:00:07]} 1-0

[Event "Deutscher Mix-Teampokal U12 2025"]
[Site "Bad Homburg GER"]
[Date "2025.07.19"]
[Round "3"]
[White "Werner, Aleksandra"]
[Black "Nickel, Alexander"]
[Result "0-1"]
[Termination "normal"]
[Board "5.2"]
[WhiteElo "816"]
[BlackElo "1418"]
[WhiteClock "00:39:04"]
[BlackClock "00:51:57"]
[WhiteTeam "SC Pirmasens 1912"]
[BlackTeam "SK Kelheim 1920"]
[PlyCount "60"]
[WhiteFideId "533050740"]
[BlackFideId "533011656"]
[EventCountry "GER"]
[EventRounds "5"]
[EventType "team-swiss"]
[EventDate "2025.07.18"]

1. e4 {[%clk 00:55:08]} {[%emt 00:00:02]} e5 {[%clk 00:55:09]} {[%emt
00:00:01]} 2. Nf3 {[%clk 00:55:04]} {[%emt 00:00:08]} Nc6 {[%clk 00:55:13]} 3.
Bc4 {[%clk 00:54:43]} {[%emt 00:00:26]} Bc5 {[%clk 00:55:13]} {[%emt 00:00:06]}
4. O-O {[%clk 00:54:31]} {[%emt 00:00:17]} Nf6 {[%clk 00:55:12]} {[%emt
00:00:05]} 5. Nc3 {[%clk 00:54:19]} {[%emt 00:00:18]} d6 {[%clk 00:55:14]}
{[%emt 00:00:03]} 6. d3 {[%clk 00:53:56]} {[%emt 00:00:28]} Bg4 {[%clk
00:55:09]} {[%emt 00:00:10]} 7. h3 {[%clk 00:52:49]} {[%emt 00:01:12]} Bh5
{[%clk 00:55:11]} {[%emt 00:00:03]} 8. d4 {[%clk 00:51:33]} {[%emt 00:01:21]}
Nxd4 {[%clk 00:54:48]} {[%emt 00:00:27]} 9. g4 {[%clk 00:50:55]} {[%emt
00:00:42]} Nxg4 {[%clk 00:54:16]} {[%emt 00:00:38]} 10. Ng5 {[%clk 00:50:33]}
{[%emt 00:00:26]} Nf6 {[%clk 00:54:01]} {[%emt 00:00:21]} 11. Bxf7+ {[%clk
00:49:59]} {[%emt 00:00:39]} Bxf7 {[%clk 00:53:56]} {[%emt 00:00:10]} 12. Nxf7
{[%clk 00:49:56]} {[%emt 00:00:08]} Kxf7 {[%clk 00:53:59]} {[%emt 00:00:02]}
13. f4 {[%clk 00:49:25]} {[%emt 00:00:36]} exf4 {[%clk 00:53:48]} {[%emt
00:00:17]} 14. Rxf4 {[%clk 00:49:21]} {[%emt 00:00:08]} Ne2+ {[%clk 00:53:49]}
{[%emt 00:00:04]} 15. Kf1 {[%clk 00:48:49]} {[%emt 00:00:37]} Nxf4 {[%clk
00:53:35]} {[%emt 00:00:20]} 16. Bxf4 {[%clk 00:48:40]} {[%emt 00:00:14]} Re8
{[%clk 00:53:32]} {[%emt 00:00:08]} 17. Qf3 {[%clk 00:47:06]} {[%emt 00:01:37]}
Bd4 {[%clk 00:53:07]} {[%emt 00:00:30]} 18. Re1 {[%clk 00:45:34]} {[%emt
00:01:38]} Bxc3 {[%clk 00:52:37]} {[%emt 00:00:35]} 19. Qxc3 {[%clk 00:44:38]}
{[%emt 00:01:01]} Rxe4 {[%clk 00:52:32]} {[%emt 00:00:11]} 20. Qb3+ {[%clk
00:44:36]} {[%emt 00:00:07]} Kf8 {[%clk 00:52:10]} {[%emt 00:00:26]} 21. Qxb7
{[%clk 00:43:07]} {[%emt 00:01:34]} Rxe1+ {[%clk 00:52:05]} {[%emt 00:00:11]}
22. Kxe1 {[%clk 00:42:52]} {[%emt 00:00:20]} Qe7+ {[%clk 00:52:08]} {[%emt
00:00:01]} 23. Kd2 {[%clk 00:42:19]} {[%emt 00:00:37]} Re8 {[%clk 00:52:10]}
{[%emt 00:00:05]} 24. Bg3 {[%clk 00:41:43]} {[%emt 00:00:41]} Ne4+ {[%clk
00:52:07]} {[%emt 00:00:08]} 25. Kd3 {[%clk 00:41:28]} {[%emt 00:00:19]} Nc5+
{[%clk 00:52:10]} {[%emt 00:00:02]} 26. Kd2 {[%clk 00:40:59]} {[%emt 00:00:34]}
Qg5+ {[%clk 00:52:09]} {[%emt 00:00:07]} 27. Kc3 {[%clk 00:40:31]} {[%emt
00:00:32]} Qxg3+ {[%clk 00:52:05]} {[%emt 00:00:10]} 28. Kb4 {[%clk 00:40:17]}
{[%emt 00:00:18]} Nxb7 {[%clk 00:52:03]} {[%emt 00:00:08]} 29. c4 {[%clk
00:39:42]} {[%emt 00:00:39]} Re5 {[%clk 00:51:57]} {[%emt 00:00:11]} 30. a4
{[%clk 00:39:04]} {[%emt 00:00:44]} a5# {[%emt 00:00:15]} 0-1

[Event "Deutscher Mix-Teampokal U12 2025"]
[Site "Bad Homburg GER"]
[Date "2025.07.19"]
[Round "3"]
[White "Riera Galmés, Lucia"]
[Black "Manukyan, Svetlana"]
[Result "0-1"]
[Termination "normal"]
[Board "5.3"]
[WhiteElo "1010"]
[BlackElo "757"]
[WhiteClock "00:45:10"]
[BlackClock "00:24:16"]
[WhiteTeam "SK Kelheim 1920"]
[BlackTeam "SC Pirmasens 1912"]
[PlyCount "80"]
[WhiteFideId "533050694"]
[BlackFideId "533050759"]
[EventCountry "GER"]
[EventRounds "5"]
[EventType "team-swiss"]
[EventDate "2025.07.18"]

1. e4 {[%clk 00:55:09]} e5 {[%clk 00:55:03]} {[%emt 00:00:07]} 2. Nf3 {[%clk
00:55:10]} {[%emt 00:00:04]} Nc6 {[%clk 00:54:57]} {[%emt 00:00:11]} 3. Nc3
{[%clk 00:55:08]} {[%emt 00:00:06]} Nf6 {[%clk 00:54:40]} {[%emt 00:00:22]} 4.
Bb5 {[%clk 00:55:06]} {[%emt 00:00:06]} Bd6 {[%clk 00:54:22]} {[%emt 00:00:24]}
5. d4 {[%clk 00:54:33]} {[%emt 00:00:39]} exd4 {[%clk 00:53:46]} {[%emt
00:00:41]} 6. Nxd4 {[%clk 00:54:28]} {[%emt 00:00:09]} Nxd4 {[%clk 00:53:01]}
{[%emt 00:00:50]} 7. Qxd4 {[%clk 00:54:24]} {[%emt 00:00:09]} a6 {[%clk
00:51:47]} {[%emt 00:01:20]} 8. Ba4 {[%clk 00:54:13]} {[%emt 00:00:16]} b5
{[%clk 00:51:19]} {[%emt 00:00:33]} 9. Bb3 {[%clk 00:54:08]} {[%emt 00:00:09]}
c5 {[%clk 00:50:10]} {[%emt 00:01:15]} 10. Qe3 {[%clk 00:53:51]} {[%emt
00:00:21]} c4 {[%clk 00:49:40]} {[%emt 00:00:35]} 11. e5 {[%clk 00:53:49]}
{[%emt 00:00:07]} Ng4 {[%clk 00:48:56]} {[%emt 00:00:50]} 12. exd6+ {[%clk
00:53:26]} {[%emt 00:00:28]} Nxe3 {[%clk 00:48:30]} {[%emt 00:00:31]} 13. Bxe3
{[%clk 00:53:20]} {[%emt 00:00:12]} cxb3 {[%clk 00:48:08]} {[%emt 00:00:26]}
14. cxb3 {[%clk 00:53:07]} {[%emt 00:00:17]} Qa5 {[%clk 00:47:23]} {[%emt
00:00:49]} 15. O-O {[%clk 00:53:03]} {[%emt 00:00:11]} b4 {[%clk 00:46:20]}
{[%emt 00:01:07]} 16. Na4 {[%clk 00:52:35]} {[%emt 00:00:34]} Bb7 {[%clk
00:45:51]} {[%emt 00:00:33]} 17. Rfe1 {[%clk 00:52:28]} {[%emt 00:00:13]} O-O
{[%clk 00:44:23]} {[%emt 00:01:33]} 18. Bb6 {[%clk 00:52:01]} {[%emt 00:00:32]}
Qd5 {[%clk 00:42:42]} {[%emt 00:01:42]} 19. f3 {[%clk 00:51:48]} {[%emt
00:00:22]} Bc6 {[%clk 00:41:45]} {[%emt 00:01:02]} 20. Rad1 {[%clk 00:51:33]}
{[%emt 00:00:21]} Qh5 {[%clk 00:40:05]} {[%emt 00:01:42]} 21. Rf1 {[%clk
00:49:56]} {[%emt 00:01:44]} Bxa4 {[%clk 00:38:25]} {[%emt 00:01:45]} 22. bxa4
{[%clk 00:49:48]} {[%emt 00:00:12]} Rab8 {[%clk 00:37:16]} {[%emt 00:01:14]}
23. Bc7 {[%clk 00:49:18]} {[%emt 00:00:36]} Rb7 {[%clk 00:36:33]} {[%emt
00:00:47]} 24. Rfe1 {[%clk 00:49:12]} {[%emt 00:00:12]} h6 {[%clk 00:31:10]}
{[%emt 00:05:28]} 25. Re7 {[%clk 00:49:06]} {[%emt 00:00:11]} Qc5+ {[%clk
00:29:58]} {[%emt 00:01:17]} 26. Kh1 {[%clk 00:48:57]} {[%emt 00:00:15]} Rxc7
{[%clk 00:29:25]} {[%emt 00:00:37]} 27. dxc7 {[%clk 00:48:52]} {[%emt
00:00:10]} Qxe7 {[%clk 00:29:15]} {[%emt 00:00:15]} 28. Rc1 {[%clk 00:48:34]}
{[%emt 00:00:23]} Qe8 {[%clk 00:28:37]} {[%emt 00:00:43]} 29. h3 {[%clk
00:48:09]} {[%emt 00:00:30]} Qc8 {[%clk 00:28:21]} {[%emt 00:00:20]} 30. a5
{[%clk 00:47:30]} {[%emt 00:00:45]} Re8 {[%clk 00:28:09]} {[%emt 00:00:17]} 31.
Kh2 {[%clk 00:47:20]} {[%emt 00:00:16]} Re7 {[%clk 00:27:44]} {[%emt 00:00:29]}
32. Rc4 {[%clk 00:46:55]} {[%emt 00:00:30]} d5 {[%clk 00:27:07]} {[%emt
00:00:42]} 33. Rxb4 {[%clk 00:46:44]} {[%emt 00:00:16]} Rxc7 {[%clk 00:26:55]}
{[%emt 00:00:17]} 34. Rd4 {[%clk 00:46:36]} {[%emt 00:00:12]} Rd7 {[%clk
00:26:16]} {[%emt 00:00:45]} 35. b4 {[%clk 00:46:29]} {[%emt 00:00:12]} Qc7+
{[%clk 00:25:56]} {[%emt 00:00:25]} 36. Kh1 {[%clk 00:46:23]} {[%emt 00:00:11]}
g5 {[%clk 00:25:32]} {[%emt 00:00:29]} 37. a4 {[%clk 00:46:14]} {[%emt
00:00:15]} Qc3 {[%clk 00:24:56]} {[%emt 00:00:40]} 38. Rf4 {[%clk 00:45:28]}
{[%emt 00:00:50]} gxf4 {[%clk 00:24:47]} {[%emt 00:00:15]} 39. b5 {[%clk
00:45:17]} {[%emt 00:00:15]} Qxa5 {[%clk 00:24:20]} {[%emt 00:00:33]} 40. bxa6
{[%clk 00:45:10]} {[%emt 00:00:12]} Qxa6 {[%clk 00:24:16]} {[%emt 00:00:10]}
0-1

[Event "Deutscher Mix-Teampokal U12 2025"]
[Site "Bad Homburg GER"]
[Date "2025.07.19"]
[Round "3"]
[White "Manukyan, Erik"]
[Black "Strielnikova, Sofiia"]
[Result "1-0"]
[Termination "normal"]
[Board "5.4"]
[WhiteElo "754"]
[BlackElo "960"]
[WhiteClock "00:35:49"]
[BlackClock "00:39:57"]
[WhiteTeam "SC Pirmasens 1912"]
[BlackTeam "SK Kelheim 1920"]
[PlyCount "81"]
[WhiteFideId "533050767"]
[BlackFideId "533050686"]
[EventCountry "GER"]
[EventRounds "5"]
[EventType "team-swiss"]
[EventDate "2025.07.18"]

1. e4 {[%clk 00:55:09]} e5 {[%clk 00:55:10]} 2. Nf3 {[%clk 00:55:05]} {[%emt
00:00:10]} Nc6 {[%clk 00:55:14]} 3. Bb5 {[%clk 00:54:54]} {[%emt 00:00:15]} d6
{[%clk 00:55:12]} {[%emt 00:00:07]} 4. Nc3 {[%clk 00:54:46]} {[%emt 00:00:14]}
a6 {[%clk 00:55:09]} {[%emt 00:00:08]} 5. Bc4 {[%clk 00:54:45]} {[%emt
00:00:05]} Bg4 {[%clk 00:54:59]} {[%emt 00:00:16]} 6. O-O {[%clk 00:54:36]}
{[%emt 00:00:14]} Nd4 {[%clk 00:54:48]} {[%emt 00:00:15]} 7. Be2 {[%clk
00:53:52]} {[%emt 00:00:49]} Nxe2+ {[%clk 00:54:38]} {[%emt 00:00:15]} 8. Qxe2
{[%clk 00:53:44]} {[%emt 00:00:13]} Nf6 {[%clk 00:54:31]} {[%emt 00:00:12]} 9.
h3 {[%clk 00:53:40]} {[%emt 00:00:09]} Bh5 {[%clk 00:54:31]} {[%emt 00:00:06]}
10. d3 {[%clk 00:52:27]} {[%emt 00:01:18]} h6 {[%clk 00:53:58]} {[%emt
00:00:37]} 11. Qe3 {[%clk 00:51:46]} {[%emt 00:00:46]} c6 {[%clk 00:53:39]}
{[%emt 00:00:25]} 12. Bd2 {[%clk 00:50:48]} {[%emt 00:01:03]} Be7 {[%clk
00:53:02]} {[%emt 00:00:41]} 13. Na4 {[%clk 00:50:33]} {[%emt 00:00:21]} b5
{[%clk 00:52:39]} {[%emt 00:00:27]} 14. Nc3 {[%clk 00:50:05]} {[%emt 00:00:33]}
b4 {[%clk 00:52:26]} {[%emt 00:00:18]} 15. Na4 {[%clk 00:49:58]} {[%emt
00:00:13]} O-O {[%clk 00:51:45]} {[%emt 00:00:45]} 16. Bxb4 {[%clk 00:49:39]}
{[%emt 00:00:24]} Rb8 {[%clk 00:51:22]} {[%emt 00:00:28]} 17. Qd2 {[%clk
00:49:18]} {[%emt 00:00:26]} c5 {[%clk 00:50:48]} {[%emt 00:00:39]} 18. Ba5
{[%clk 00:49:21]} {[%emt 00:00:02]} Qd7 {[%clk 00:50:48]} {[%emt 00:00:06]} 19.
Nb6 {[%clk 00:48:24]} {[%emt 00:01:01]} Qb5 {[%clk 00:50:29]} {[%emt 00:00:18]}
20. Nc4 {[%clk 00:48:02]} {[%emt 00:00:33]} Nh7 {[%clk 00:49:14]} {[%emt
00:01:20]} 21. a4 {[%clk 00:46:29]} {[%emt 00:01:38]} Qb7 {[%clk 00:48:58]}
{[%emt 00:00:19]} 22. Ra3 {[%clk 00:45:01]} {[%emt 00:01:36]} Qd7 {[%clk
00:48:01]} {[%emt 00:01:01]} 23. Nb6 {[%clk 00:43:32]} {[%emt 00:01:35]} Qc6
{[%clk 00:47:47]} {[%emt 00:00:18]} 24. Nd5 {[%clk 00:42:48]} {[%emt 00:00:50]}
Bg5 {[%clk 00:46:53]} {[%emt 00:00:59]} 25. Nxg5 {[%clk 00:42:21]} {[%emt
00:00:31]} Nxg5 {[%clk 00:46:48]} {[%emt 00:00:10]} 26. Ne7+ {[%clk 00:41:30]}
{[%emt 00:00:56]} Kh7 {[%clk 00:46:14]} {[%emt 00:00:39]} 27. Nxc6 {[%clk
00:41:14]} {[%emt 00:00:21]} Rxb2 {[%clk 00:46:13]} {[%emt 00:00:06]} 28. Bd8
{[%clk 00:40:16]} {[%emt 00:01:03]} Ne6 {[%clk 00:45:53]} {[%emt 00:00:25]} 29.
Be7 {[%clk 00:39:55]} {[%emt 00:00:26]} Re8 {[%clk 00:45:45]} {[%emt 00:00:12]}
30. Rb3 {[%clk 00:39:21]} {[%emt 00:00:40]} Ra2 {[%clk 00:45:35]} {[%emt
00:00:15]} 31. Rfb1 {[%clk 00:39:03]} {[%emt 00:00:23]} Rxa4 {[%clk 00:44:48]}
{[%emt 00:00:53]} 32. Rb8 {[%clk 00:38:57]} {[%emt 00:00:11]} Rxb8 {[%clk
00:44:45]} {[%emt 00:00:08]} 33. Rxb8 {[%clk 00:38:35]} {[%emt 00:00:26]} Ra1+
{[%clk 00:44:41]} {[%emt 00:00:09]} 34. Kh2 {[%clk 00:38:30]} {[%emt 00:00:09]}
Rd1 {[%clk 00:43:40]} {[%emt 00:01:07]} 35. Qa5 {[%clk 00:37:49]} {[%emt
00:00:46]} Rc1 {[%clk 00:43:06]} {[%emt 00:00:37]} 36. Qxa6 {[%clk 00:37:26]}
{[%emt 00:00:30]} Rxc2 {[%clk 00:42:56]} {[%emt 00:00:15]} 37. Qc8 {[%clk
00:37:15]} {[%emt 00:00:16]} Rxf2 {[%clk 00:42:09]} {[%emt 00:00:52]} 38. Bxd6
{[%clk 00:36:58]} {[%emt 00:00:22]} Nf4 {[%clk 00:41:35]} {[%emt 00:00:38]} 39.
Ne7 {[%clk 00:36:13]} {[%emt 00:00:51]} Rxg2+ {[%clk 00:41:29]} {[%emt
00:00:11]} 40. Kh1 {[%clk 00:36:07]} {[%emt 00:00:11]} Ng6 {[%clk 00:39:57]}
{[%emt 00:01:37]} 41. Qg8# {[%clk 00:35:49]} {[%emt 00:00:22]} 1-0

[Event "Deutscher Mix-Teampokal U12 2025"]
[Site "Bad Homburg GER"]
[Date "2025.07.20"]
[Round "5"]
[White "Kaza, Charith"]
[Black "Liu, Jonas"]
[Result "1/2-1/2"]
[Termination "normal"]
[Board "1.1"]
[WhiteElo "1769"]
[BlackElo "1723"]
[WhiteClock "00:30:30"]
[BlackClock "00:02:03"]
[WhiteTeam "SC Noris-Tarrasch Nürnberg 1873"]
[BlackTeam "SV Oberursel"]
[PlyCount "68"]
[WhiteFideId "34686967"]
[BlackFideId "34660941"]
[EventCountry "GER"]
[EventRounds "5"]
[EventType "team-swiss"]
[EventDate "2025.07.18"]

1. e4 {[%clk 00:55:09]} {[%emt 00:00:01]} c5 {[%clk 00:54:52]} {[%emt
00:00:18]} 2. Nf3 {[%clk 00:55:09]} {[%emt 00:00:04]} Nc6 {[%clk 00:54:51]}
{[%emt 00:00:07]} 3. d4 {[%clk 00:55:08]} {[%emt 00:00:06]} cxd4 {[%clk
00:54:42]} {[%emt 00:00:14]} 4. Nxd4 {[%clk 00:55:04]} {[%emt 00:00:08]} g6
{[%clk 00:54:42]} {[%emt 00:00:05]} 5. Nc3 {[%clk 00:55:02]} {[%emt 00:00:07]}
Bg7 {[%clk 00:54:42]} {[%emt 00:00:05]} 6. Be3 {[%clk 00:55:02]} {[%emt
00:00:05]} Nf6 {[%clk 00:54:28]} {[%emt 00:00:20]} 7. Nb3 {[%clk 00:55:00]}
{[%emt 00:00:06]} O-O {[%clk 00:53:58]} {[%emt 00:00:36]} 8. f3 {[%clk
00:54:56]} {[%emt 00:00:08]} e6 {[%clk 00:51:56]} {[%emt 00:02:07]} 9. Qd2
{[%clk 00:53:09]} {[%emt 00:01:51]} d5 {[%clk 00:50:49]} {[%emt 00:01:13]} 10.
exd5 {[%clk 00:52:08]} {[%emt 00:01:06]} Nxd5 {[%clk 00:50:36]} {[%emt
00:00:18]} 11. Nxd5 {[%clk 00:52:05]} {[%emt 00:00:08]} exd5 {[%clk 00:49:55]}
{[%emt 00:00:46]} 12. O-O-O {[%clk 00:51:50]} {[%emt 00:00:20]} Be6 {[%clk
00:41:51]} {[%emt 00:08:10]} 13. Nd4 {[%clk 00:49:44]} {[%emt 00:02:10]} Rc8
{[%clk 00:34:16]} {[%emt 00:07:40]} 14. c3 {[%clk 00:47:50]} {[%emt 00:01:59]}
Qa5 {[%clk 00:30:01]} {[%emt 00:04:20]} 15. Kb1 {[%clk 00:46:51]} {[%emt
00:01:04]} Nxd4 {[%clk 00:21:04]} {[%emt 00:09:02]} 16. Bxd4 {[%clk 00:46:32]}
{[%emt 00:00:25]} Bf5+ {[%clk 00:21:03]} {[%emt 00:00:06]} 17. Ka1 {[%clk
00:45:25]} {[%emt 00:01:12]} Rfe8 {[%clk 00:17:50]} {[%emt 00:03:17]} 18. g4
{[%clk 00:43:48]} {[%emt 00:01:42]} Bd7 {[%clk 00:17:38]} {[%emt 00:00:16]} 19.
Bxg7 {[%clk 00:43:19]} {[%emt 00:00:35]} Kxg7 {[%clk 00:17:26]} {[%emt
00:00:17]} 20. Qd4+ {[%clk 00:42:21]} {[%emt 00:01:03]} Kg8 {[%clk 00:17:23]}
{[%emt 00:00:09]} 21. Bd3 {[%clk 00:42:17]} {[%emt 00:00:08]} Ba4 {[%clk
00:15:43]} {[%emt 00:01:45]} 22. Rde1 {[%clk 00:41:56]} {[%emt 00:00:27]} Bb3
{[%clk 00:10:50]} {[%emt 00:04:58]} 23. a3 {[%clk 00:41:22]} {[%emt 00:00:39]}
Qa4 {[%clk 00:10:28]} {[%emt 00:00:26]} 24. Qf2 {[%clk 00:37:43]} {[%emt
00:03:45]} Bc4 {[%clk 00:08:39]} {[%emt 00:01:54]} 25. Bc2 {[%clk 00:37:01]}
{[%emt 00:00:46]} Qb5 {[%clk 00:08:30]} {[%emt 00:00:14]} 26. h4 {[%clk
00:36:38]} {[%emt 00:00:29]} Rxe1+ {[%clk 00:06:56]} {[%emt 00:01:38]} 27. Rxe1
{[%clk 00:36:29]} {[%emt 00:00:14]} Re8 {[%clk 00:06:53]} {[%emt 00:00:08]} 28.
Rxe8+ {[%clk 00:34:33]} {[%emt 00:02:02]} Qxe8 {[%clk 00:06:49]} {[%emt
00:00:09]} 29. b3 {[%clk 00:34:31]} {[%emt 00:00:06]} Qe2 {[%clk 00:05:46]}
{[%emt 00:01:08]} 30. Qxa7 {[%clk 00:31:53]} {[%emt 00:02:43]} Qxc2 {[%clk
00:03:35]} {[%emt 00:02:16]} 31. Qb8+ {[%clk 00:31:51]} {[%emt 00:00:08]} Kg7
{[%clk 00:03:37]} {[%emt 00:00:03]} 32. Qe5+ {[%clk 00:31:51]} {[%emt
00:00:04]} Kf8 {[%clk 00:03:15]} {[%emt 00:00:27]} 33. Qb8+ {[%clk 00:31:01]}
{[%emt 00:00:54]} Kg7 {[%clk 00:02:11]} {[%emt 00:01:11]} 34. Qe5+ {[%clk
00:30:30]} {[%emt 00:00:35]} Kg8 {[%clk 00:02:03]} {[%emt 00:00:12]} 1/2-1/2